000 00951nas a2200277 i 4500
001 975
003 ES-MaACL
005 20250807062532.0
008 950801c1875 gw | | 1 ||er d
245 0 0 _aDeutsche medizinische Wochenschrift /
_cdir. P. Boerner ; dir. J[ulius] Schwalbe.
260 _aLeipzig :
_bGeorg Thieme,
_c1875- (
_eBerlin :
_fG. Bernstein)
300 _a56 v. ;
_c33 cm.
310 _aSemanal
362 0 _aAño I (1875)-
650 1 7 _aMedicina
_2embne
_914891
700 1 _aBoerner, P,
_edir.
_9227568
700 1 _aSchwalbe, Julius (
_d1863-1930)
_9104852
700 1 _aVelden, Reinhard von den,
_edir.
_9227569
700 1 _aWolff, Paul.
_9117261
700 1 _aPickhan, Artur,
_edir.
_9227570
700 1 _aRuehl, Arthur.
_9100530
700 1 _aKlare, Kurt.
_968178
852 _aES-MaACL
_jHem-192
866 0 _o1909-18,1920-24,1926-27,1929-31,1934(1935f.n34y36)1936-38,1940-41(1942f.n.44y48)1943.
999 _c975
_d975